Library of the University of Algiers 3
Ibrahim Sultan Cheibout
شعار جامعة الجزائر 3
مكتبة جامعة الجزائر 3
إبراهيم سلطان شيبوط

دراسات متقدمة في المحاسبة الضريبية : (رقم التسجيلة. 45604)

تفاصيل مارك
000 -LEADER
fixed length control field 01549nam a2200229Ia 4500
003 - CONTROL NUMBER IDENTIFIER
control field Ost
005 - DATE AND TIME OF LATEST TRANSACTION
control field 20260507075651.0
008 - FIXED-LENGTH DATA ELEMENTS--GENERAL INFORMATION
fixed length control field 260507s9999||||xx |||||||||||||| ||und||
020 ## - INTERNATIONAL STANDARD BOOK NUMBER
International Standard Book Number 4042329957
040 ## - CATALOGING SOURCE
Transcribing agency fsecg
041 ## - LANGUAGE CODE
Language code of text/sound track or separate title ara
082 ## - DEWEY DECIMAL CLASSIFICATION NUMBER
Classification number 657.46
100 ## - MAIN ENTRY--PERSONAL NAME
Personal name أبو حشيش، خليل عواد
Relator term مؤلف
245 #0 - TITLE STATEMENT
Title دراسات متقدمة في المحاسبة الضريبية :
Remainder of title حالات وتطبيقات عملية في قياس الدخل الخاضع للضريبة /
Statement of responsibility, etc. خليل عواد أبو حشيش
260 ## - PUBLICATION, DISTRIBUTION, ETC.
Place of publication, distribution, etc. عمان:
Name of publisher, distributor, etc. دار الحامد للنشر والتوزيع,
Date of publication, distribution, etc. 2004
300 ## - PHYSICAL DESCRIPTION
Extent 565 صفحة؛
Other physical details إيضاحات ؛
Dimensions 25 سم
504 ## - BIBLIOGRAPHY, ETC. NOTE
Bibliography, etc. note المراجع ص. 563
520 ## - SUMMARY, ETC.
Summary, etc. مقدمة في تعريف الضريبة- الخصائص المميزة للضريبة على الدخل في الأردن- الدخل الخاضع للضريبة- الإعفاءات من الضريبة- تحديد الربح محاسبيا وضريبيا- تكاليف الدخل الخاضع للضريبة- النفقاتا غير الإنتاجية- نفقات الدخول المعفاة وقواعد ربطها وتحصيلها- ضريبة السحوبات- ضريبة الفروع- ضريبة عوائد الودائع- قياس الضريبة المستحقة على مختلف المكلفين- الطعن في قرار تقدير ضريبة الدخل- التخلص من الضريبة.
653 ## - INDEX TERM--UNCONTROLLED
Uncontrolled term الضرائب- المحاسبة
653 ## - INDEX TERM--UNCONTROLLED
Uncontrolled term ضرائب الدخل- المحاسبة
942 ## - ADDED ENTRY ELEMENTS (KOHA)
Koha item type كتب
المقتنيات
Withdrawn status Lost status Source of classification or shelving scheme Damaged status Not for loan Home library Current library Date acquired Serial enumeration / chronology Inventory number Total checkouts Full call number Barcode Date last seen Price effective from Koha item type
    Library of Congress Classification   NOT LOAN / إعارة داخلية مكتبة كلية العلوم الإقتصادية والعلوم التجارية وعلوم التسيير مكتبة كلية العلوم الإقتصادية والعلوم التجارية وعلوم التسيير 07/05/2026 الطابق الأرضي 1741/1   أ/1741ن1 1741/1 07/05/2026 07/05/2026 كتب
    Dewey Decimal Classification   Available مكتبة كلية العلوم الإقتصادية والعلوم التجارية وعلوم التسيير مكتبة كلية العلوم الإقتصادية والعلوم التجارية وعلوم التسيير 07/05/2026 الطابق الأرضي 1741/2   أ/1741ن2 1741/2 07/05/2026 07/05/2026 كتب
    Dewey Decimal Classification   Available مكتبة كلية العلوم الإقتصادية والعلوم التجارية وعلوم التسيير مكتبة كلية العلوم الإقتصادية والعلوم التجارية وعلوم التسيير 07/05/2026 الطابق الأرضي 1741/3   أ/1741ن3 1741/3 07/05/2026 07/05/2026 كتب
    Dewey Decimal Classification   Available مكتبة كلية العلوم الإقتصادية والعلوم التجارية وعلوم التسيير مكتبة كلية العلوم الإقتصادية والعلوم التجارية وعلوم التسيير 07/05/2026 الطابق الثاني 1741/4   أ/1741ن4 1741/4 07/05/2026 07/05/2026 كتب
    Dewey Decimal Classification   Available مكتبة كلية العلوم الإقتصادية والعلوم التجارية وعلوم التسيير مكتبة كلية العلوم الإقتصادية والعلوم التجارية وعلوم التسيير 07/05/2026 الطابق الثاني 1741/5   أ/1741ن5 1741/5 07/05/2026 07/05/2026 كتب

موارد الويب المفتوحة


© University of Algiers 3 All Rights Reserved
|
Implemented by LECHELAH Riad